000 01298nam0a2200349 4500
001 RU\NLR\BIBL_A\022744702
005 20260503065152.0
010 _a978-5-907957-55-8
021 _aRU
_bКН-П-26-002710
_9КН-П-26-0247
035 _a(NLR Aleph) 022744702
090 _a13700774
_c13700774
100 _a20260305d2026 d y0rusy50 ca
101 0 _arus
102 _aRU
105 _ay z 000 y
181 0 _ai3
_baxxe
181 0 _ab2
_bxb2e
182 0 _an
200 1 _aВ поисках мальчишеского бога
_e[для старшего школьного возраста]
_fДмитрий Ищенко
_gиллюстрации Маши Судовых
203 _aТекст
_bвизуальные
_cнепосредственные
_aИзображение
205 _a6-е изд., редизайн.
210 _aМосква
_cКомпасГид
_d2026
215 _a124, [1] с.
_cил.
_d19
333 _a12+
686 0 _aШ9(2)62=Р7-4
700 1 _aИщенко
_bД. В.
_gДмитрий Вячеславович
702 1 _4040
_7ca
_8rus
_aСудовых
_bМ.
_cиллюстратор
_f1995-
_gМаша
_9196217
_3RU\NLR\AUTH\770196268
942 _cBOOK
980 _aNB